000 01287cam a22002054a 4500
005 20250605164052.0
008 250528s ||||||||||||||||||||||||d
035 _a17327
020 _a1863739394
040 _aGR-AtMCL
_bgre
_dGR-AtMCL
_eAACR2
245 1 _aSurveys in Social Research / Fourth Edition
250 _a4th
260 _bAllen & Unwin,
_c1995
300 _a412
520 _aA clear advice on how to plan, conduct and analyze social surveys. Preface, The Scope of Survey Research, The Nature of Surveys, Theory and Social Research, Formulating and Clarifying Research Questions, Collecting Data, Developing Indicators for Concepts, Finding a Sample, Constructing Questionnaires, Administering Questionnaires, Analyzing Data, Overview of Analysis, Uni Variete Analysis, Bivariate Analysis: Crosstabulations, Bivariate Analysis: Alternative Methods, Elaborating Bivariate Relationships, Multivariate Analysis, The Process of Analysis, Coding, Building Scales, Initial Analysis, Moving Beyond Initial Analysis, Putting it Into Practice: A Research Example, Ethics in Survey Research, The Potential of Surveys, Areas of the Normal Curve, Exercises, Glossary, Bibliography, Index.
700 1 _aVaus De D.A
_93487
942 _cBK
999 _c2754
_d2754